00728nam a2200169 i 4500001000700000003000900007005001700016008004100033245024200074260004200316300003000358650004900388650004300437700003700480700001900517852002200536188360ES-MaACL20250927110317.0180903s1921 fr |||| | fre d00aTraité de pathologie médicale et de thérapeutique appliquée / publ. sous la dir. d'Émile Sergent, L. Ribadeau-Dumas, L. Babonneix. nIX, pSympathique et glandes endocrines / cpar P. Lereboullet, Harvier, Carrion,... [et al.]. aParis : bA. Maloine et fils, c1921. a349 p. : bil. ; c21 cm. 4aSistema nervioso simpático-xEnfermedades. 4aGlándulas endocrinas-xEnfermedades.1 aLereboullet, Pierre, d1874-19440 aHarvier, Paul. aES-MaACLjC-16739